Państwa, które jedzą większość fast foodów - Statystyki

Ogólne statystyki
  • Ten quiz został rozwiązany 2 110 razy
  • Średni wynik to 6 z 10
Statystyki odpowiedzi
# Naród Fast Food % Poprawnych
1 Stany Zjednoczone
99%
8 Niemcy
87%
3 Kanada
85%
2 Francja
81%
4 Wielka Brytania
77%
6 Japonia
66%
10 Szwecja
37%
5 Korea Południowa
35%
7 Austria
25%
9 Szwajcaria
21%
Nie znaleziono quizów pasujących do podanych kryteriów
Rozkład punktacji
Procent ludzi z każdym wynikiem
Percentyl według liczby udzielonych odpowiedzi
Twoja historia wyników
Nie rozwiązałeś tego quizu